000
00307nam a2200121Ia 4500
008
220204s9999 xx 000 0 und d
082
_a
631.8
_b
FOL
100
_a
FOLLETT, R H
245
0
_a
Fertilizers and soil amendments
260
_a
New Jersey
_b
Prentice Hall
_c
1981
650
_a
Fertilizers
942
_c
BK
999
_c
36403
_d
36403